000 00568nam a2200169 a 4500
001 000044115
005 20201002045146.0
008 140516s1997 sp 001 0 spa d
020 _a8440678851
040 _aDO-SdBNP
_bspa
_cBNPHU
100 1 _aBöhmer, Otto A.
_972113
245 1 0 _aDiccionario de Sofía :
_bobra imprescindible para entender el mundo de la filosofía /
_cOtto A. Böhmer ; traducción: Luis Bredlow.
260 _aBarcelona :
_bEdiciones B,
_c1997.
300 _a157 p. ;
_c24 cm.
500 _aIncluye índice
700 1 2 _aBredlow, Luis
_etr.
_972114
999 _c43604
_d43604